| 000 | 01534cam a22003495i 4500 | ||
|---|---|---|---|
| 999 |
_c25055 _d25027 |
||
| 003 | EG-ScBUE | ||
| 005 | 20200123123708.0 | ||
| 008 | 170719s2007 le g 000 e ara d | ||
| 020 | _a9789953890128 | ||
| 040 |
_aEG-ScBUE _bara _erda _cEG-ScBUE _dEG-ScBUE |
||
| 041 | 1 |
_aara _heng |
|
| 082 | 0 | 4 |
_a814.54 _bس ع ي _222 |
| 100 | 1 |
_aسعيد، إدوارد، _eمؤلف. |
|
| 240 | 1 | 0 |
_aReflections on exile and other essays. _lArabic |
| 245 | 1 | 0 |
_aتأملات حول المنفى ومقالات أخرى / _cإدوارد سعيد ؛ ترجمة ثائر ديب. |
| 250 | _aالطبعة الثانية. | ||
| 264 | 1 |
_aبيروت : _bدار الآداب للنشر والتوزيع، _c2007. |
|
| 300 |
_aالمجلد الأول (383 ص.) ؛ _c24 سم |
||
| 336 |
_aنص _btxt _2rdacontent |
||
| 337 |
_aبدون وسيط _bn _2rdamedia |
||
| 338 |
_aمجلد _bnc _2rdacarrier |
||
| 504 | _aيشتمل على إرجاعات ببليوجرافية. | ||
| 541 |
_aمكتبة مدبولي ؛ _cإهداء |
||
| 546 | _aالنص باللغة العربية ؛ مترجم من اللغة الإنجليزية. | ||
| 650 | 7 |
_aالأدب العربي (إنجليزي) _zفلسطين _yقرن 20 _vمقالات ومحاضرات. _2BUEsh |
|
| 650 | 7 |
_aالسياسة والأدب _vمقالات ومحاضرات. _2BUEsh |
|
| 650 | 7 |
_aالقضية الفلسطينية _vمقالات ومحاضرات. _2BUEsh |
|
| 651 | _2BUEsh | ||
| 653 |
_bARALIT _bGGEN _cJuly2017 |
||
| 700 | 1 |
_aديب، ثائر، _eمترجم. _917452 |
|
| 942 | _2ddc | ||